Historia del arte: el Renacimiento

Сохранить в:
Библиографические подробности
Главный автор: Faure, Elie (Автор)
Формат:
Язык:испанский
Опубликовано: Buenos Aires Poseidón 1944
Редактирование:1a. ed
Предметы:
Метки: Добавить метку
Нет меток, Требуется 1-ая метка записи!

MARC

LEADER 00000cam a2200000 a 4500
001 UCE2103
003 CL-VaPUC
008 140605e19440000ag |||||||||||||||||spa|d
082 0 4 |a 701.1  |b FAU  |2 21 
100 0 |a Faure, Elie  |e author  |9 574575 
245 1 0 |a Historia del arte: el Renacimiento 
250 |a 1a. ed 
300 |a v 
942 |c BK 
945 |d 20140605 14:22:00  |a dcastane 
260 |a Buenos Aires  |b Poseidón  |c 1944 
650 0 |a Historia del arte  |9 314877 
650 0 |a Arte renacentista   |9 264949 
650 0 |a Arte italiano  |9 265547 
650 0 |a Renacimiento  |9 255107 
583 |a last modification  |c 20140605 14:22:00  |k Rodrigo Vera 
999 |c 355770  |d 355768 
952 |0 0  |1 0  |3 erd  |4 0  |6 701_100000000000000_FAU_1944  |7 0  |8 R  |9 462628  |a BIBART  |b BIBART  |h v.3  |i 5056489  |l 1  |o 701.1 FAU 1944  |p 5056489  |r 2025-03-13  |s 2022-11-22  |w 2019-11-23  |y BK_R  |z Catalogado en:20140605  |k ART